El ministerio educativo de la iglesia (Registro nro. 51782)
[ vista simple ]
| 000 -LÍDER | |
|---|---|
| Campo fijo de descripción fija | 01057aab a2200193 i 4500 |
| 001 - NÚMERO DE CONTROL | |
| Campo de control | 768714001 |
| 003 - IDENTIFICADOR DEL NÚMERO DE CONTROL | |
| Campo de control | CO-MdFUSB |
| 005 - FECHA Y HORA DE LA ULTIMA TRANSACCIÓN | |
| control field | 20250730105655.0 |
| 008 - ELEMENTOS DE LONGITUD FIJA -- INFORMACIÓN GENERAL | |
| Campo fijo de descripción fija -- Información general | 250730t1988 ag ||||| |||| 00| 0 spa d |
| 040 ## - FUENTE DE CATALOGACIÓN | |
| Idioma de catalogación | spa |
| Agencia que realiza la transcripción | CO-MdFUSB |
| 100 1# - ASIENTO PRINCIPAL--NOMBRE PERSONAL | |
| Nombre personal | Zukowski de Ramírez, Elvira Ester |
| Término relacionador | autor |
| 245 13 - TÍTULO | |
| Título | El ministerio educativo de la iglesia |
| Mención de responsabilidad | / Elvira Ester Zukowski de Ramírez |
| 300 ## - DESCRIPCIÓN FÍSICA | |
| Extensión | Volumen 7, número 4 (diciembre, 1988), páginas 21 - 22 |
| Dimensiones | ; 27 cm |
| 520 ## - NOTA DE RESUMEN, ETC. | |
| Nota de sumario, etc. | La educación cristiana no es el esfuerzo por preservar una institución o departamento de la Iglesia sino un ministerio responsable de fomentar el discipulado entre los creyentes. En otras palabras, a la educación le corresponde crear una cultura distintiva o estilo de vida dentro de la comunidad para que cada creyente, en interrelación con otros, vaya siendo formado a la imagen de Cristo. |
| 650 ## - ASIENTO SECUNDARIO DE MATERIA - TERMINO TEMÁTICO | |
| Subdivisión de forma | Educación cristiana |
| 773 0# - ASIENTO DE ITEM FUENTE | |
| Título | Iglesia y Misión |
| Biblionumber | 49402 |
| Itemnumber | 59672 |
| Parte(s) relacionada(s) / Volumen., número. (mes año), páginas | Volumen 7, número 4 (diciembre, 1988), páginas: 21 - 22 |
| Enumeración y primera página | páginas: 21 |
| 942 ## - TIPO DE MATERIAL (KOHA) | |
| Tipo de Item KOHA | Artículos de Revista |
| 945 ## - INFORMACIÓN LOCAL DEL REGISTRO | |
| Catalogador | JTF-925 |
No hay ítems disponibles.
